000 01303nam a22003017a 4500
005 20240530110345.0
008 141203s2006 ua r 000 0 ara d
017 _a5540/2006
_bمصر . دار الكتب المصرية
020 _a9772273535
040 _aEG-CaGPL
041 0 _aara
082 0 4 _221
_a324.6
_bق/ع ن
100 0 _aعمرو هاشم ربيع
245 1 0 _aنظم ادارة الانتخابات فى مصر :
_bمع المقارنة بحالة بلدان اخرى /
_cتحرير عمرو هاشم ربيع ... [ واخ . ]
260 _aالقاهرة :
_bمركز الدراسات السياسية والاستراتيجية ،
_c2006
300 _a165 ص ؛
_c24 سم
650 0 4 _aالانتخابات
_zمصر
650 0 4 _aالانتخابات
_xالرقابة القضائية
_zمصر
650 0 4 _aالدوائر الانتخابية
_zمصر
650 0 4 _aالانتخابات الرئاسية
_zمصر
650 0 4 _aالانتخابات
_zالمكسيك
700 0 _aابراهيم درويش
_eمؤلف مشارك
700 0 _aاحمد ثابت
_eمؤلف مشارك
700 0 _aفاروق ابوزيد
_eمؤلف مشارك
710 0 _aعمرو الشوبكى
_eمؤلف مشارك
942 _2ddc
_cBK
999 _c59959
_d59959